| 000 | 00657nam a2200181 4500 | ||
|---|---|---|---|
| 003 | OSt | ||
| 005 | 20180829093752.0 | ||
| 008 | 180825b xxu||||| |||| 00| 0 spa d | ||
| 040 | _cPJ | ||
| 100 |
_91913 _aAltavilla, Enrico |
||
| 245 | 1 | 3 |
_aSicología judicial / _cEnrico Altavill, con prólogos de Enrico Ferri y de Gennaro Marciano. |
| 260 |
_aBogotá : _bTemis, _c1975. |
||
| 300 |
_a2 v. _c23 cm. |
||
| 500 | _aNotas y citas a pie de página. | ||
| 505 | _aContenido: v. 1: El proceso sicológico y la verdad judicial. v. 2: Los actores del procedimiento penal. | ||
| 650 | 0 |
_91915 _aPSICOLOGIA DEL DERECHO |
|
| 942 |
_2udc _cLIB _h347.758 _iVIL |
||
| 999 |
_c1283 _d1283 |
||